El Bosque de los Pigmeos / (Record no. 126764)

MARC details
000 -LEADER
campo de control de longitud fija 01121nam a22002297a 4500
003 - IDENTIFICADOR DE NÚMERO DE CONTROL
campo de control BJBSDDR
005 - FECHA Y HORA DE LA ÚLTIMA TRANSACCIÓN
campo de control 20260410123451.0
007 - CAMPO FIJO DE DESCRIPCIÓN FÍSICA--INFORMACIÓN GENERAL
campo de control de longitud fija ta
008 - DATOS DE LONGITUD FIJA--INFORMACIÓN GENERAL
campo de control de longitud fija 260410b2015 sp ||||| |||| 00| 0 spa d
020 ## - NÚMERO INTERNACIONAL ESTÁNDAR DEL LIBRO
Número Internacional Estándar del Libro 9788497935715
020 ## - NÚMERO INTERNACIONAL ESTÁNDAR DEL LIBRO
Número Internacional Estándar del Libro 8497935713
040 ## - FUENTE DE CATALOGACIÓN
Lengua de catalogación spa
Centro/agencia transcriptor BJBSDDR
041 ## - CÓDIGO DE IDIOMA
Código de lengua del texto/banda sonora o título independiente spa
050 ## - SIGNATURA TOPOGRÁFICA DE LA BIBLIOTECA DEL CONGRESO
Número de ítem Al432 2015
100 1# - ENTRADA PRINCIPAL--NOMBRE DE PERSONA
Nombre de persona Allende, Isabel,
Fechas asociadas al nombre 1942-
9 (RLIN) 2289
245 13 - MENCIÓN DEL TÍTULO
Título El Bosque de los Pigmeos /
Mención de responsabilidad, etc. Isabel Allende
260 ## - PUBLICACIÓN, DISTRIBUCIÓN, ETC.
Lugar de publicación, distribución, etc. Barcelona :
Nombre del editor, distribuidor, etc. Debolsillo,
Fecha de publicación, distribución, etc. 2015
300 ## - DESCRIPCIÓN FÍSICA
Extensión 220 páginas ;
Dimensiones 19 cm
520 ## - RESUMEN, ETC.
Sumario, etc. Nadia y Alexander viajan al corazón de África con su abuela Kate, a quien han encargado un gran reportaje. Su encuentro con el hermano Fernando, un misionero que está buscando a dos compañeros desaparecidos, marca el comienzo de este nuevo destino: la selva tropical africana, donde la caza clandestina del elefante y otros animales salvajes arrastra a mercenarios sin escrúpulos. Los malvados son ahora los jefes de la Hermandad del Leopardo: el comandante Mbembelé, el brujo Sombe y el rey Kosongo, que ha esclavizado a la tribu de los pigmeos
942 ## - ELEMENTOS DE ENTRADA SECUNDARIOS (KOHA)
Fuente del sistema de clasificación o colocación Clasificación de Library of Congress
Suprimir en OPAC No
Tipo de ítem Koha Libro
946 ## - PROCESAMIENTO DE INFORMACIÓN LOCAL (OCLC)
Iniciales del agente catalogador cmc
Holdings
Estatus retirado Estado de pérdida Fuente del sistema de clasificación o colocación Estado de daño No para préstamo Colección Biblioteca de origen Biblioteca actual Ubicación en estantería Fecha de adquisición Signatura topográfica completa Código de barras Visto por última vez Copia número Tipo de ítem Koha
    Clasificación de Library of Congress     Automatización y Procesos Técnicos Biblioteca Juan Bosch Biblioteca Juan Bosch Automatización y Procesos Técnicos (1er. Piso) 10/04/2026 Al432 2015 00000198928 10/04/2026 1 Libro